[Event "Match 72__120'/40"]
[Site "Zurich"]
[Date "2022.??.??"]
[Round "16"]
[White "Mephisto MM II"]
[Black "CXG Sphinx Legend"]
[Result "1/2-1/2"]
[WhiteElo "1915"]
[BlackElo "1916"]
[Annotator "KUT"]
[PlyCount "147"]
[EventDate "2022.??.??"]

1. e4 g6 {Match 120'/40+60'/20+30' | Bediener: Rolf Bühler | 16. Partie: remis | Zwischenstand: 9-7 (56,3%) für Mephisto MM II | Die Pirc-Verteidigung, Klassisches Sysrem 5.Le2, auch von Ex WM Anatoly Karpov bevorzugt, steht zur Debatte. Es entsteht eine geschlossene Stellung mit königsindischem Charakter. Dessen korrekte strategische Behandlung geht unseren Oldies ab. So ist es untypischerweise Weiss (MM II), der am Königsflügel zum Erfolg kommen will und umgekehrt Schwarz (CXG), der am Damenflügel das gleiche Ziel verfolgt. Dabei macht es das ungarische Programm von Gyula Horvath geschickter und langsam wird der Gegner strategisch überspielt. Ein Bauer kann erobert werden und auch im Endspiel sieht alles so aus, als ob die CXG Sphinx dieses Mal punkten könnte. Aber das ab dem 46. Zug auf dem Brett stehende Springerendspiel vermag Schwarz nicht zum Sieg zu führen, denn erneut gestattet er dem Gegner eine 3-fache Stellungswiederholung. Es ist einfach unglaublich wie viele halbe und ganze Punkte die CXG Sphinx Legend in diesem Match schon verschenkt hat.} 2. d4 {***ENDE BUCH***} d6 3. Nf3 Bg7 4. Nc3 Nf6 5. Be2 O-O 6. O-O Bg4 7. Be3 Nc6 8. Qd2 e5 {***ENDE BUCH***} 9. d5 {***ENDE BUCH***} Ne7 10. Rad1 a6 11. a4 Re8 $2 {WICHTIG: Ein strategischer Missgriff. Denn die Bauernstruktur verlangt, dass Schwarz den Vorstoss f7-f5 anstreben muss. Und deshalb sollte der Turm auf f8 bleiben. Gegenüber der Königsindischen Verteidigung ist die Situation für Schwarz insofern einfacher, als kein weisser Bauer auf c4 steht, der den obligaten Durchbruch c4-c5 ermöglicht.} (11... Bd7 12. Ne1 Ng4 13. Bxg4 Bxg4 14. f3 Bd7 15. f4 exf4 16. Bxf4 f5 $11 {0-1 (33) Bouhallel,R (2293)-Lupu,M (2489) Bethune 1999}) 12. b3 $6 {Ein sinnloser Zug. Weiss sollte am Königsflügel mit 12.h3 klare Verhältnisse schaffen und den Gegner zwingen, Farbe zu bekennen, ob er den Läufer gegen den Springer auf f3 tauschen oder zurückziehen will.} Bxf3 $6 {Schwarz tauscht ohne Zwang. Das ist ungenau, denn Weiss kommt nun ohne die Schwächung mit h3 aus, eine Schwächung, die ins Gewicht fällt, falls Schwarz doch noch zu f7-f5, gefolgt vom Bauernsturm f5-f4 und g6-g5-g4 kommt.} 13. Bxf3 Qd7 $6 {Sieht normal aus, aber ist ein typischer Computerzug, ohne irgendwelchen Plan, was man jedoch unseren Oldies nicht als Fehler vorwerfen darf. Strategisch brauchbare Fortsetzungen gibt es indessen schon:} ({a)} 13... Nd7 {Mit der Idee, doch noch f7-f5 folgen zu lassen, z.B.} 14. g3 f5 15. Bg2 Nf6 {mit offenem Kampf und etwas Vorteil für Weiss.}) ({b)} 13... c6 {Greift die Spitze der weissen Bauernkette an, kann nach ...cxd5 die halboffene c-Linie für sich buchen und wegen des plötzlich gutstehenden Te8 mit der latenten Gefahr ...e4 aufwarten, was den Lg7 sehr lebendig machen würde. Deshalb müsste Weiss wohl zu} 14. dxc6 Nxc6 {greifen, mit scharfem Kampf, wobei es wichtig ist, dass} 15. Qxd6 {nichts einbringt wegen} (15. Be2 Nd4) 15... Nd4 $1 16. Qxd8 Raxd8 17. Nd5 Nxd5 18. Bxd4 exd4 19. exd5 $14 {und der weisse Mehrbauer ist in dieser Stellung nichts wert.}) 14. Bh6 {In jenen Fällen - wie hier - wo es Weiss kaum gelingt, einen Königsangriff auf die Beine zu stellen, macht dieser Läufertausch wenig Sinn, wird damit doch kein Verteidigungsläufer verschwinden.} Bxh6 15. Qxh6 c5 {Auch 15...c6 ist eine stärkere Alternative.} 16. Qh4 Kg7 17. a5 $6 (17. Be2 $1 {was die schwarzen Gelüste um Raumausdehnung am Damenflügel mit ...c4 oder ...b5 stark behindert, ist deutlich stärker.}) 17... Qc7 18. Ra1 h6 $6 (18... c4 $11 {ist stark}) 19. Qg3 {Auch hier ist das vormals erwähnte 19.Le2 stärker.} Rad8 20. Nd1 c4 21. Ne3 $6 (21. bxc4 $1 Qxc4 22. Ne3 {ist genauer, denn Weiss hat dann noch die halboffene b-Linie für aktives Spiel zur Verfügung.}) 21... cxb3 22. cxb3 Qc3 23. Ra3 Rc8 24. Rfa1 Red8 25. Nc4 $2 {Der Computer-Schachweltmeister 2022 attestiert nach 25.h4 Ausgleich, obwohl optisch Schwarz günstiger steht.} ({Dragon 3.1 by Komodo Chess 64-bit:} 25. h4 Qd2 26. R3a2 Qd3 27. Ra4 Qxb3 28. Bg4 Rc3 29. h5 Qb2 30. hxg6 fxg6 31. Be6 Nxe4 32. Qh4 Ng5 33. R4a2 Qb5 34. Ra4 Qb2 {[%eval 0,33]}) 25... Rc7 ({Sofort} 25... Rc5 $1 $17 {ist sinnvoller.}) 26. Qh3 $6 {Mit 26.h3 oder 26.h4 wäre Weiss besser gefahren.} Rc5 27. Ne3 Qb2 28. Nd1 $6 (28. Nc4 {leistet mehr Widerstand}) 28... Rc1 29. Rxc1 Qxc1 30. Ra4 Qc2 31. Rc4 Qxb3 {Endlich kann Schwarz einen Bauern einheimsen.} 32. Ne3 Qb1+ 33. Nf1 Re8 34. Be2 Qa2 35. Bd3 Qxa5 36. Rc2 Qb4 (36... b5 {Dieses sofortige Vorrücken der schwarzen Bauernmehrheit verdient den Vorzug.}) 37. Qe3 Rc8 {Erzwingt mehr oder weniger den Turmtausch, will Weiss dem Gegner nicht die offene c-Linie überlassen.} 38. Rxc8 Nxc8 39. g3 a5 {Die schwarze Bauernmehrheit ist ein entscheidender Faktor.} 40. Qd2 Qxd2 41. Nxd2 a4 42. Nb1 Nd7 43. Kf1 Nc5 44. Ke2 Nb6 45. f3 Nxd3 {Der Übergang ins reine Springerendspiel sichert Schwarz am schnellsten den Sieg.} 46. Kxd3 f5 47. Kc3 g5 48. Nd2 Kg6 49. Kb4 h5 50. Kb5 fxe4 51. fxe4 Nd7 52. Kxa4 Nc5+ $2 {[%mdl 4096]} (52... h4 $1 $19 {gewinnt}) 53. Kb5 g4 54. Kb4 $2 {[%mdl 4096] Verliert, während Kb6, Sc4 oder Ka5 mit Ausgleich notwendig war.} Kf7 55. Ka5 Ke8 56. Kb6 Ke7 $2 {[%mdl 4096] Nur 56...Kd7 gewinnt.} 57. Ka5 $2 {[%mdl 4096] Verliert, während 57.Sc4 den Ausgleich sichert.} Kd8 58. Kb6 Kd7 59. Ka5 {Auch 59.Sc4 bringt keine Rettung, wobei die möglichen Gewinnvarianten tief sind und wohl auch starke Spieler zu äusserster Genauigkeit zwingen.} (59. Nc4 Nxe4 60. Kxb7 Nc5+ 61. Kb8 Nb3 62. Kb7 Nd4 63. Nb6+ Kd8 64. Nc4 e4 65. Ne3 Kd7 66. Kb6 Nf3 67. Kb5 Ke7 68. Kc6 Nxh2 69. Nf5+ Kf6 70. Nxd6 e3 71. Ne4+ Ke5 72. d6 Kxe4 73. d7 e2 74. d8=Q Nf3 75. Qd5+ Ke3 76. Qc5+ Nd4+ 77. Kb7 e1=Q $19) 59... Kc7 60. Kb5 Nd3 61. Nf1 Ne1 62. Nd2 Nf3 63. Nf1 Nd4+ 64. Kb4 b6 65. Ne3 Nf3 66. Nf1 {1. Stellung, die für die kommende Stellungswiederholung zählt.} Kd7 $2 {[%mdl 4096] Verpasst den Gewinn.} (66... Ng5 67. Nd2 Kb8 68. Kb5 Kb7 69. Kb4 Ka6 70. Kb3 Kb5 71. Kc3 Ka4 72. Kd3 b5 73. Kc3 Nf3 74. Nf1 b4+ 75. Kb2 Kb5 76. Kb3 Kc5 77. Ne3 Nxh2 $19 {und gewinnt}) 67. Kb5 Ng5 68. Nd2 Kc7 69. Kb4 $2 {[%mdl 4096]} (69. Ka6 $1 {und Schwarz kann nicht mehr gewinnen.}) 69... Nf3 70. Nf1 {Das ist die 2. Stellungswiederholung} Kd7 71. Kb5 Ng5 72. Nd2 Kc7 73. Kb4 $2 {[%mdl 4096]} (73. Ka6 $1 {und Schwarz kann nicht mehr gewinnen.}) 73... Nf3 {Und wie in der letzten und weiteren Partien lässt die CXG Sphinx Legend in gewonnener Stellung zu, dass der Gegner eine 3-fache Stellungswiederholung reklamieren kann.} 74. Nf1 {***3x REMIS***} 1/2-1/2

[Event "Match 72__120'/40"]
[Site "Zurich"]
[Date "2022.??.??"]
[Round "17"]
[White "CXG Sphinx Legend"]
[Black "Mephisto MM II"]
[Result "1-0"]
[WhiteElo "1816"]
[BlackElo "1815"]
[Annotator "KUT"]
[PlyCount "84"]
[EventDate "2022.??.??"]

1. e4 c6 {Match 120'/40+60'/20+30' | Bediener: Rolf Bühler | 17. Partie: Weiss (CXG) gewinnt | Zwischenstand: 9-8 (52,9%) für Mephisto MM II | Mit seiner Caro-Kann-Verteidigung kommt der Mephisto MM II böse unter die Räder. Weiss hätte bereits nach dem 17. Zug eine Gewinnstellung erreichen können. Doch schon im nächsten Zug wirft die CXG Sphinx Legend ihren Vorteil völlig weg. Was aber macht der Mephisto MM II? Er revanchiert sich umgehend mit dem Verlustzug 18...Lxh5? Und dieses Mal kennt Weiss keine Gnade mehr und nutzt die überwältigende Aktivität seiner Figuren zum gerechten Sieg.} 2. d4 d5 3. Nc3 dxe4 4. Nxe4 Bf5 5. Ng3 Bg6 6. Bc4 e6 7. N1e2 Nf6 8. Nf4 Bd6 {***ENDE BUCH***} 9. Bb3 {***ENDE BUCH***} Bxf4 {Eine nicht sehr gebräuchliche Fortsetzung. Üblicher sind 9...Dc7 oder 9...Sd5.} 10. Bxf4 Nd5 11. Bd2 O-O 12. c4 Ne7 13. Bc3 Nd7 14. O-O c5 $6 {Wegen der folgenden Antwort fragwürdig.} (14... b5 $5 {ist bei diesem Stellungstyp eine typische Reaktion, um die weisse Zentrumsüberlegenheit zu brechen.}) 15. d5 exd5 16. cxd5 $16 {Weiss steht besser.} Nb6 17. d6 $1 {Die richtige Reaktion.} {[#]} Nec8 $2 {Ein ungünstiger Rückzug oder sprich Verlustzug.} (17... Nc6 18. a4 a5 {ist zwar auch nicht das Gelbe vom Ei, aber hier ist noch Kampf möglich.}) 18. Nh5 $2 {Vergibt auf einen Schlag seinen entscheidenden Vorteil.} (18. f4 $18 {gewinnt} c4 19. f5 cxb3 20. fxg6 hxg6 21. Qd4 f6 22. Ne4 bxa2 23. b3 Nd7 24. Qd5+ Rf7 (24... Kh7 25. Rf3 {und Matt in 10 Zügen}) 25. Ng5 Qf8 26. Nxf7 Qxf7 27. Qxf7+ Kxf7 28. Rxa2 $18 {und gewinnt}) 18... Bxh5 $2 {Das verliert, während nach dem richtigen 18...Sxd6 nichts los gewesen wäre.} 19. Qxh5 $18 {Die weissen Figuren stehen jetzt derart übermächtig, dass es für Schwarz keine Rettung mehr gibt.} Qxd6 20. Rad1 Qe7 (20... Qg6 21. Qxc5 Re8 {ist etwas weniger ungünstig, aber ebenfalls hoffnungslos nach} 22. Rfe1 Rxe1+ (22... Rf8 23. Qxf8+ Kxf8 24. Rd8#) 23. Bxe1 Ne7 (23... Nd5 24. Rxd5 $18) 24. Qxe7 Qf6 25. Qxb7 $18) 21. Rfe1 c4 {Noch am besten.} ({Nach} 21... Qc7 {wird Schwarz mattgesetzt} 22. Qg5 g6 23. Qf6 Qxh2+ 24. Kxh2 Nc4 25. Qg7#) 22. Rxe7 Nxe7 23. Qe5 f6 24. Bxc4+ Nxc4 25. Qxe7 $18 {Der Kampf ist entschieden. Materiell hat Weiss mit Dame+Läufer gegen Turm+Springer einen drastischen Vorteil. Die CXG Sphinx Legend hat denn auch keine Mühe, den vollen Punkt zu holen.} Nb6 26. Qxb7 Rf7 27. Qa6 Rc7 28. Ba5 Rb8 29. Qd3 Rd7 30. Qb3+ Kh8 31. Bxb6 Rxd1+ 32. Qxd1 axb6 33. f3 Rc8 34. Qd4 h5 35. Qxb6 Rc1+ 36. Kf2 Kh7 37. a4 Rh1 38. a5 Rd1 39. b4 Rd2+ 40. Kg3 Ra2 41. a6 h4+ 42. Kh3 f5 {***AUFGEGEBEN***} 1-0

[Event "Match 72__120'/40"]
[Site "Zurich"]
[Date "2022.??.??"]
[Round "18"]
[White "Mephisto MM II"]
[Black "CXG Sphinx Legend"]
[Result "1/2-1/2"]
[WhiteElo "1815"]
[BlackElo "1816"]
[Annotator "KUT"]
[PlyCount "91"]
[EventDate "2022.??.??"]

1. e4 e5 {Match 120'/40+60'/20+30' | Bediener: Rolf Bühler | 18. Partie: remis | Zwischenstand: 9,5-8,5 (52,7%) für Mephisto MM II | Italienisch, Giuoco Pianissimo wird gespielt. Trotz gegenseitiger Rochade mit halboffener b-Linie für Weiss gegen den schwarzen König und halboffener g-Linie gegen den weissen König, verläuft die Partie ohne entscheidende Fehler und sehr ruhig, eben "pianissimo", was sehr leise bedeutet. Und am Ende resultiert ein schon oftmals gesehenes Szenario mit Remis durch 3-fache Stellungswiederholung.} 2. Nf3 Nf6 3. Nc3 Nc6 4. Bc4 Bc5 5. d3 d6 6. Bg5 {***ENDE BUCH***} Na5 {***ENDE BUCH***} 7. Nd5 Nxc4 8. dxc4 c6 {Eine verrückte Variante ist 8...Lxf2+ usw.} (8... Bxf2+ 9. Kxf2 Nxe4+ 10. Kg1 Nxg5 11. Nxg5 c6 12. Qh5 g6 13. Qh6 cxd5 14. Qg7 Qxg5 15. Qxh8+ Ke7 16. h4 Qe3+ 17. Kh2 Qf4+ 18. Kg1 Qe3+ 19. Kh2 Qf4+ 20. Kg1 Qe3+ {Remis 3x}) 9. Nxf6+ gxf6 10. Bh4 Qb6 {Das sieht besser aus, als es ist. Wenn Weiss nun 11.Tb1 antwortet, droht unangenehm b2-b4, weil die schwarzen Figuren am Damenflügel nicht sehr geschickt stehen.} (10... Rg8 $15 {ist eine Spur genauer}) (10... Be6 $11 {mit Entwicklung kommt ebenfalls gut in Frage}) 11. Bxf6 (11. Rb1 Be6 12. Nd2 $14) 11... Rg8 12. O-O Rg6 13. Bh4 Qxb2 14. Qd3 {Der aktive Turmzug nach b1 mit Besetzung der halboffenen b-Linie verdient den Vorzug.} (14. Rb1 Qc3 (14... Qxa2 $2 15. Nxe5 $18 {denn diesen darf man nicht nehmen} dxe5 $4 16. Qd8#) 15. Rb3 Qa5 $11) 14... Qb6 (14... Bg4 {ist genauer, denn nun geht die gezeigte Abwicklung Sxe5 nicht mehr, weil dem Ta8 das Feld d8 zugänglich ist.} 15. Rfb1 Qa3 16. Rb3 Qa6 $15) 15. Rad1 (15. Rab1 {macht einen vernünftigeren Eindruck und zwingt die gegnerische Dame, Farbe zu bekennen, abgesehen davon, dass der Druck auf f2 wegfällt.}) 15... Bg4 16. a4 {Was mit diesem sinn- und planlosen Vorstoss bezweckt wird, dürfte nicht einmal der Mephisto MM II wissen.} Qa5 17. Ra1 {Zwei Züge später, nach 15.Tad1, also wieder zurück mit dem Turm, wo er herkam. Auch das unterstreicht die "Güte" von 15.Tad1 und 16.a4.} f6 18. Nd2 O-O-O 19. Nb3 Qb4 20. Rfb1 (20. c3 {Danach kann sich ein interessantes Remis ergeben durch} Qxb3 21. Rfb1 Be2 22. Qh3+ Bg4 23. Qd3 Be2 24. Qh3+ Bg4 25. Qd3 Be2 26. Qh3+ Bg4 {3x Stellungswiederholung}) 20... Be6 21. Nd2 Qa5 22. Nb3 {Kommt es auch jetzt zur dreifachen Stellungswiederholung? Das ist in diesem Match schon mehrmals passiert.} Qa6 {Nein, Schwarz weicht dem Remis aus.} 23. Nd2 $6 {Eine ins Gewicht fallende Ungenauigkeit, wonach Schwarz klar besser zu stehen kommt. Aber natürlich ist das für ein altes Schachprogramm die einzig mögliche Fortsetzung, da der doppelt angegriffene c4-Bauer einen zweiten Schutz bedarf, zumal Alternativen zu Varianten führen, die unseren Oldies nicht zugemutet werden können.} (23. Nxc5 $1 dxc5 24. Qb3 Rd7 25. Rd1 Qxc4 26. Qxc4 Bxc4 27. Rxd7 Kxd7 $11 {ausgeglichen, denn der schwarze Mehrbauer, ein Doppelbauer, fällt nicht ins Gewicht.}) 23... Rdg8 {Hier ist 23...d5 erfolgsversprechender.} 24. Bg3 h5 25. Qf3 $6 {Verpasst 25.Kh1=} Rh8 $6 {Aber auch Schwarz ist nicht auf der Höhe.} (25... h4 $1 26. Bxh4 Rxg2+ 27. Kh1 R2g6 $17) 26. Bh4 Rhh6 27. Qe2 Rg4 28. g3 Rhg6 {droht ...Txh4} 29. Kh1 Bd4 30. Ra3 Rh6 31. Rab3 Rg7 32. Qd3 Qa5 ({KU 071122-avx2:} 32... Rf7 33. c3 Bc5 34. a5 Rh8 35. R3b2 Rhf8 36. Ra1 d5 37. Qf1 dxc4 38. f4 Rd7 39. f5 Bg8 40. Qc1 Rd3 41. Nf1 Be7 42. h3 Bf7 43. Kg2 c5 44. Rab1 Qc6 45. Qe1 Rd7 46. Rb5 Rc7 47. g4 Rg8 48. Qe2 hxg4 49. hxg4 Rd8 50. Qe1 Rd3 51. Bg3 Be8 52. g5 fxg5 53. Bxe5 Bd6 54. Bxd6 Qxd6 55. R5b2 Bc6 {[%eval -168,45]}) 33. f4 {Weiss nützt gekonnt die ungedeckte Stellung des schwarzen Ld4 aus.} Bc5 34. f5 $11 {Weiss hat wieder ausgeglichen.} Bg8 35. Qc3 Qa6 36. a5 Kb8 $6 {Besser ...Ld4, aber die folgende Variante mit leichtem Vorteil für Weiss, können unsere Oldies nie und nimmer erkennen.} 37. Qb2 (37. Rb5 $5 Rd7 38. Rxc5 dxc5 39. Qe3 Qxa5 40. Qxh6 Qxd2 41. Qf8+ Rd8 42. Qg7 $14) 37... Rd7 {Für einmal halten nun beide Programme die Stellung ruhig, ohne etwas zu verändern, was ja in ausgeglichener Stellung meistens in die Hosen geht.} 38. Qc3 Bf7 39. Rc1 Bd4 40. Qb4 Bg8 41. Rcb1 Bc5 42. Qc3 Bf7 43. Rc1 Bd4 44. Qb4 Bg8 45. Rcb1 Bc5 46. Qc3 {***3x REMIS***} 1/2-1/2